Foreign diseases of forest trees of the world; (Record no. 16197)
[ view plain ]
| 000 -LEADER | |
|---|---|
| fixed length control field | 00351cam a2200133u 4500 |
| 040 ## - CATALOGING SOURCE | |
| Transcribing agency | CarP |
| 082 ## - DEWEY DECIMAL CLASSIFICATION NUMBER | |
| Classification number | 630 GON 1961 A105 Or. |
| 100 1# - MAIN ENTRY--AUTHOR NAME | |
| Personal name | Spaulding, Perley, |
| 245 10 - TITLE STATEMENT | |
| Title | Foreign diseases of forest trees of the world; |
| 260 ## - PUBLICATION, DISTRIBUTION, ETC. (IMPRINT) | |
| Place of publication | [Washington, |
| Name of publisher | U. S. Govt. Print. Off.] |
| Year of publication | 1961. |
| 300 ## - PHYSICAL DESCRIPTION | |
| Number of Pages | iii, 361 p. |
| Dimensions | 24 cm. |
| 650 #0 - SUBJECT ADDED ENTRY--TOPICAL TERM | |
| Topical Term | Trees |
| 942 ## - ADDED ENTRY ELEMENTS (KOHA) | |
| Koha item type | សៀវភៅភាសាអង់គ្លេស |
| 952 ## - LOCATION AND ITEM INFORMATION (KOHA) | |
| Withdrawn status [LOCAL, KOHA] | 0 |
| Permanent Location | Date acquired | Koha item type | Lost status | Shelving location | Barcode | Current Location | Full call number |
|---|---|---|---|---|---|---|---|
| Library Block A | 2018-01-23 | សៀវភៅភាសាអង់គ្លេស | A105 | A11818 | Library Block A | 630 GON 1961 A105 Or. |